00811nam a22002417a 450000500170000001000110001702000100002803500110003803700160004904000120006508200170007724501910009426000430028527000460032830000240037450000220039865000360042065000370045670000150049370000190050870000190052770000230054620170124105956.0 a813314 c00.00 a813314 bCen Lib/Ret aDPLbEN a016.396bWOM aWomen on the indian scene :ccompiled by M.C. Usha, Rajni Saxena [and] Neera Mathur ; edited by Kalpana Dasgupta b an annotated bibliography ; a project sponsored by the YWCA of India / aNew DelhibAbhinav Publications c1976 a26-A, Mayapuri Phase-IbNew Delhie110027 axii,391p.c22cm(Hb) aIncludes indexes. aWomen -- India -- Bibliography. aFemmes -- Inde -- Bibliographie. aUsha, M.C. aSaxena, Rajini aMathur, Neera  a Dasgupta, Kalpana